| 000 | 00791nam a2200229Ia 4500 | ||
|---|---|---|---|
| 003 | GCL | ||
| 008 | 140319s9999 xx 000 0 ara d | ||
| 020 | _a8368213977 | ||
| 040 |
_aGCL / _cGCL |
||
| 082 | 0 | 4 |
_a301.242 _bم ا |
| 100 | 1 | _aمحمد خضر عبدالمختار | |
| 245 | 1 | 0 |
_aالاغتراب والتطرف نحو العنف : _bدراسة نفسية اجتماعية / _cمحمد خضر عبدالمختار |
| 260 |
_aالقاهرة : _bدار غريب للطباعة والنشر والتوزيع ، _c0 |
||
| 300 |
_a255 ص ؛ _c24 سم |
||
| 490 | _a | ||
| 650 | 0 | 4 | _aالاجتماع |
| 650 | 0 | 4 | _aالعنف |
| 650 | 0 | 4 | _aعلم النفس الاجتماعى |
| 650 | 0 | 4 | _aالاغتراب |
| 650 | 0 | 4 | _aالمشاكل الاجتماعية |
| 942 |
_2ddc _cBK |
||
| 999 |
_c53809 _d53809 |
||